Trouvez les pays frontaliers - Serbie - Statistiques

Statistiques générales
  • Ce quiz a été pris 18 fois
  • Le résultat moyen est 8 sur 8
Statistiques - réponses
Longueur de leur frontière commune Pays % Correct
115 km Albanie
100%
302 km Bosnie-Herzégovine
100%
241 km Croatie
100%
203 km Monténégro
100%
318 km Bulgarie
94%
221 km Macédoine du Nord
94%
476 km Roumanie
94%
151 km Hongrie
88%
Aucun quiz correspondant
Distribution des résultats
% des personnes avec chaque résultat
Percentile par nombre de réponses
Votre historique - résultats
Vous n’avez pas pris ce quiz